[Event "Cap d'Agde-B"]
[Site "Cap d'Agde"]
[Date "2003.10.24"]
[Round "2"]
[White "Svidler, Peter"]
[Black "Polgar, Judit"]
[Result "1-0"]
[WhiteElo "2723"]
[BlackElo "2722"]
[Annotator "Ftacnik,L"]
[PlyCount "111"]
[EventDate "2003.10.24"]
[EventType "tourn (rapid)"]
[EventRounds "7"]
[EventCountry "FRA"]
[EventCategory "19"]
[SourceTitle "CBM 098"]
[Source "ChessBase"]
[SourceDate "2004.02.03"]
[SourceVersion "1"]
[SourceVersionDate "2004.02.03"]
[SourceQuality "1"]

1. e4 c5 2. Nf3 d6 3. d4 cxd4 4. Nxd4 Nf6 5. Nc3 a6 6. f3 e5 7. Nb3 Be6 8. Be3
Nbd7 9. g4 Nb6 10. g5 Nh5 11. Qd2 Be7 12. O-O-O Rc8 13. Rg1 O-O 14. Kb1 g6 15.
Qf2 Nc4 16. Bc1 $5 {[%mdl 4] Svidler opened a new plan with this game, white
is insisting on keeping white squared bishop.} (16. Bxc4 Bxc4 17. Qd2 Qc7 18.
Rg2 f5 19. Nd5 Bxd5 20. Qxd5+ Kh8 21. c3 Qc6 22. Na5 Qxd5 23. Rxd5 b5 {1/2-1/2
Leko,P-Anand,V/Monte Carlo 2003/ (23)}) 16... Na3+ (16... f6 17. Nd5 Bxd5 18.
gxf6 Rxf6 19. exd5 Nf4 20. Rg4 Qb6 21. Qe1 Bf8 22. h4 Qc7 23. h5 {1-0 Tiviakov,
S-Shneider,A/Istanbul 2003/ (27)}) (16... b5 17. Nd5 Bxd5 18. exd5 f6 19. gxf6
Bxf6 20. c3 Bh4 21. Qc2 Rxf3 22. Qe4 Rf2 23. Nd2 Nxd2+ 24. Bxd2 Qf6 25. a4 bxa4
26. Bxa6 {1-0 Spasov,V-Grischuk,A/Plovdiv 2003/ (43)}) 17. Ka1 (17. bxa3 $6
Rxc3 18. Bb2 Rc6 19. Bxe5 Bxg5 20. Rxd6 Rxd6 21. Bxd6 Qxd6 22. Rxg5 Rd8 $15)
17... b5 18. Bd3 Qc7 (18... f5 19. gxf6 Rxf6 20. Nd5 Bxd5 21. exd5 Nc4 22. Rg4
$13) 19. Rg2 a5 (19... Nc4 20. Nd5 Bxd5 21. exd5 a5 $132) 20. Nd5 (20. Nxb5
Nxb5 21. Bxb5 a4 22. Bxa4 Rb8 23. a3 Rb7 24. Nd2 Nf4 25. Rg3 Ra8 26. Bb3 d5 27.
exd5 Bxd5 28. Bxd5 Rxa3+ 29. Kb1 Nxd5 $40) 20... Bxd5 21. exd5 Nc4 (21... a4 $5
22. bxa3 (22. Nd4 exd4 23. bxa3 Qc5 24. Rg4 f6 $13) 22... axb3 23. axb3 b4 24.
a4 f6 $44) 22. Rg4 a4 23. Nd2 Qb6 $6 {Polgar is playing very passively, in
this moment the timely 23...f5! would promise fair chances for an advantage.} (
23... f5 $1 24. Rxc4 (24. gxf6 Nxf6 25. Rg3 a3 (25... Kh8 26. Nb1 Nxd5 27. Bxg6
Bh4 28. Bxh7 Qxh7 29. Rxd5 Bxg3 30. hxg3 Qh1 $19) 26. Nxc4 bxc4 27. Bf5 axb2+
28. Bxb2 Rb8 $17) 24... bxc4 25. Nxc4 f4 (25... Rb8 26. f4 Rb4 27. b3 axb3 28.
cxb3 Nxf4 29. Bxf4 exf4 30. Qxf4 Ra8 31. Kb2 Qa7 32. Bb1 Qc5 $17) 26. h4 Rb8
$17) 24. Qxb6 Nxb6 25. Bxb5 Nxd5 $2 {Another important moment, when 25...f%
would have been a more viable option.} (25... f5 26. gxf6 (26. Rb4 Nxd5 27.
Rxa4 Ne3 28. Rh1 Bxg5 $11) 26... Nxf6 27. Rxa4 Rxc2 28. Ra7 Rfc8 29. Kb1 Nfxd5
$11) 26. Ne4 $1 Ndf4 (26... f5 27. gxf6 (27. Nxd6 $5 Bxd6 (27... fxg4 28. Nxc8
Rxc8 29. Rxd5 gxf3 30. Kb1 Rc5 31. Bxa4 Rxd5 32. Bb3 f2 33. Bxd5+ Kf8 34. Bc4
Bc5 35. c3 $14) 28. Rxa4 Nb6 29. Rxd6 Rxc2 30. Bd2 Rfc8 31. Kb1 Nxa4 32. Bxa4
$14) 27... Nhxf6 28. Bc4 Nxg4 29. Bxd5+ Kg7 30. fxg4 Rxc2 31. Bd2 $16) 27. Bxa4
d5 28. Ng3 (28. Nc3 d4 29. Ne4 h6 30. h4 hxg5 31. hxg5 Rfd8 32. Kb1 $16) 28...
Rfd8 (28... f5 29. gxf6 Nxf6 30. Rg5 (30. Nf5 Bd8 31. Rxf4 exf4 32. Nd4 $14)
30... Nd7 31. Bxd7 Bxg5 32. Bxc8 Rxc8 33. Kb1 $16) (28... Nxg3 29. hxg3 Ne2 30.
Be3 Bc5 31. Bxc5 Rxc5 32. Re1 Nd4 33. Rxe5 Nxf3 34. Re3 $16) 29. Nxh5 gxh5 (
29... Nxh5 30. Bb3 d4 31. Re4 $16) 30. Rgg1 Ng6 (30... Ne2 31. Rge1 Nxc1 32.
Rxe5 Bd6 33. Rexd5 Ra8 34. Bc6 (34. Rxc1 Rxa4 35. c4 Be7 $14) 34... Rxa2+ (
34... Nxa2 35. Bxa8 Rxa8 36. Kb1 Be7 37. Rd7 Kf8 38. f4 $18) 35. Kb1 Rb8 36. b3
Ba3 37. Rxc1 Rb2+ 38. Ka1 R2xb3 39. cxb3 Bxc1 40. Bb5 Kg7 41. Bc4 $16) 31. Bb3
d4 32. Kb1 Kg7 33. Rge1 {Svidler has no problems playing a position with two
bishops and an extra pawn.} Bd6 (33... f6 34. gxf6+ Kxf6 35. Re4 $18) 34. Re4
h4 35. h3 Rf8 (35... f5 36. gxf6+ Kxf6 37. Rg1 $18) 36. c3 Bc5 (36... f5 37.
Ree1 Bc5 38. f4 $1 dxc3 39. Rd7+ Be7 40. fxe5 $18) 37. cxd4 exd4 (37... Bxd4
38. a4 f5 39. gxf6+ Rxf6 40. f4 $18) 38. Bd2 Rce8 (38... f5 39. gxf6+ Rxf6 40.
Rc1 Rxf3 41. Bb4 Rf5 42. Be6 $18) 39. Rde1 Rxe4 40. Rxe4 f5 41. gxf6+ Rxf6 42.
f4 Ne7 (42... Bd6 43. Rxd4 Bxf4 44. Bc3 Be5 45. Rd7+ $18) 43. a4 Rg6 (43... Nf5
44. a5 Ne3 45. Ba2 Nf1 46. Be1 Ng3 47. Re8 Bf8 48. b4 Rxf4 49. a6 $18) 44. Re5
Bd6 (44... Rg2 45. a5 Rxd2 46. Rxc5 $18) 45. Rg5 Rxg5 46. fxg5 {Polgar is
helpless against bishops.} Nc6 47. Bd5 Nb4 (47... Bb4 48. Kc2 Bxd2 49. Kxd2 Nb4
50. Be4 $18) 48. Be4 Be7 49. a5 Bc5 50. b3 Bd6 51. Kb2 Bc5 52. Ka3 Nd5+ 53. b4
Ne3 54. bxc5 Nc4+ 55. Kb4 Nxd2 56. Bg2 1-0

[Event "Cap d'Agde KO"]
[Site "Cap d'Agde"]
[Date "2003.10.28"]
[Round "1.1"]
[White "Svidler, Peter"]
[Black "Topalov, Veselin"]
[Result "1/2-1/2"]
[WhiteElo "2723"]
[BlackElo "2735"]
[Annotator "Rogozenco,D"]
[PlyCount "48"]
[EventDate "2003.10.27"]
[EventType "k.o. (rapid)"]
[EventRounds "4"]
[EventCountry "FRA"]
[SourceTitle "CBM 098"]
[Source "ChessBase"]
[SourceDate "2004.02.03"]
[SourceVersion "1"]
[SourceVersionDate "2004.02.03"]
[SourceQuality "1"]

1. e4 c5 2. Nf3 Nc6 3. d4 cxd4 4. Nxd4 Nf6 5. Nc3 e5 6. Ndb5 d6 7. Bg5 a6 8.
Na3 b5 9. Bxf6 gxf6 10. Nd5 f5 11. Bd3 Be6 12. c3 Bg7 13. Qh5 O-O 14. O-O f4
15. Rad1 (15. Rfd1) (15. Nc2) 15... Ra7 $5 {Controlling the seventh rank is
important for two main reasons:  1.The rook can be quicker transferred to the
kingside (usually to f7, but sometimes to g7 as well). 2.Often after the
opening of the b1-h7 diagonal the pawn on h7 needs protection. For instance
now Black is ready for f7-f5, which wasn't very good right away.} (15... f5 16.
exf5 (16. Bc2 Bxd5 $5 17. Rxd5 Ne7 18. Rd2 d5 19. exd5 Qd6 $44) 16... Bxd5 17.
f6 {[%cal Gd3h7]} Rxf6 18. Bxh7+ Kf8 19. Rxd5 Ne7 20. Qf3 (20. Be4 $5) 20...
Nxd5 21. Qxd5 $44) (15... Kh8 {was considered good enough for Black, but
Svidler might have had an improvement in mind over one of Anand's games.} 16.
g3 Rg8 17. Kh1 Bf8 18. Be2 Rg5 19. Qf3 f5 20. gxf4 exf4 21. Nxf4 Bxa2 22. c4 (
22. exf5 Rxf5 23. Qe4 Rf7 24. Bh5 Rf6 25. c4 Ne5 26. c5 $2 Rc8 $1 $132 {
0-1 Anand,V-Topalov,V/Monte Carlo 2001 (30)}) 22... fxe4 (22... Qf6 23. exf5
Rc8 24. Qc3 Qxc3 25. bxc3 Ne5 26. Ne6 Rxf5 27. Nxf8 Rfxf8 28. Rxd6 {1/2-1/2
Maletin,P-Yudin,S/Essentuki 2003 (29)}) 23. Qxe4 Qe8 24. Bf3 Qxe4 25. Bxe4 Rc8
26. Ne6 Re5 27. Bxc6 Rxc6 28. Nxf8 b4 29. Nc2 Bxc4 $11 {was approximately
equal in Anand,V-Hernandez,G/Merida 2001, although White succeeded to win
later on.}) 16. Nc2 ({After} 16. g3 {Black can try} f5 17. Bb1 (17. exf5 $2 {
This doesn't work now because the rook protects pawn h7:} Bxd5 18. f6 {[%csl
Rh7][%cal Gd3h7]} Bxf6 {[%csl Gh7][%cal Ga7h7]}) (17. Bc2 $5) 17... Bxd5 18.
Rxd5 fxg3 19. fxg3 f4 $13 {[%cal Ga7f7]} 20. gxf4 $6 exf4 {and Black is fine -
open diagonal for the bishop and a good square e5. Once again the rook from a7
plays an important role after 21.e5? Bxe5 the pawn on h7 is protected.}) 16...
Kh8 17. Ncb4 $146 (17. g3 Rg8 18. Rfe1 $6 (18. Kh1 $142 Bf8 19. Be2) 18... Bf8
19. Qe2 Qh4 $40 {0-1 Jedlicka,L-Cichy,M/Svetla 1994 (41)}) 17... Nxb4 18. Nxb4
Qd7 (18... Qc8 $5 {keeping the seventh rank free for an eventual transfer of
the rook from a7 deserved attention.}) 19. Be2 (19. h3 Rg8 20. Nd5 f5 $13)
19... f5 {[%cal Gf8f6,Gf6h6]} 20. exf5 Rxf5 21. Qh4 (21. Qf3 d5 $36 22. Nxd5 $2
e4 $17) 21... Bf6 22. Qh6 Bg7 23. Qh4 Bf6 24. Qh6 Bg7 1/2-1/2

[Event "Bundesliga 0304"]
[Site "Germany"]
[Date "2004.02.15"]
[Round "8.2"]
[White "Svidler, Peter"]
[Black "Rustemov, Alexander"]
[Result "1-0"]
[WhiteElo "2723"]
[BlackElo "2604"]
[Annotator "Psakhis,L"]
[PlyCount "63"]
[EventDate "2003.11.01"]
[EventType "team-tourn"]
[EventRounds "15"]
[EventCountry "GER"]
[SourceTitle "CBM 100"]
[Source "ChessBase"]
[SourceDate "2004.06.01"]
[SourceVersion "1"]
[SourceVersionDate "2004.06.01"]
[SourceQuality "1"]
[WhiteTeam "Baden Oos"]
[BlackTeam "Wattenscheid"]
[WhiteTeamCountry "GER"]
[BlackTeamCountry "GER"]

1. e4 e6 2. d4 d5 3. e5 b6 {Rare move} (3... c5 {leads to well known positions.
}) 4. Nf3 Ne7 5. Nc3 (5. Be3 Qd7 6. c4 Ba6 7. cxd5 Nxd5 8. Bxa6 Nxa6 9. O-O Be7
10. Nc3 O-O 11. Bg5 Nxc3 12. bxc3 c5 $11 {1/2-1/2 Kovacevic,B-Sedlak,N/Zadar
Christmas op 2003/The Week in Chess 476 (26)}) (5. Bd3 Ba6 6. O-O Bxd3 7. Qxd3
Nf5 8. a4 a5 9. Nc3 Nc6 10. Ne2 Nb4 11. Qd1 c5 12. c3 Nc6 13. Ng3 Be7 $13 {
0-1 Ustinov,G-Bronstein,D/Dnepropetrovsk USSRc 1970 (42)}) ({Worth considering
typical manouevre} 5. Bb5+ $5 c6 6. Ba4 {trying to keep important bishop from
exchange.}) 5... Ba6 6. Bxa6 $146 {Despite its obviousness, White's last move
looks like a novelty} (6. Nb5 Nc8 7. Ng5 h6 8. Qh5 g6 9. Qh3 Qd7 10. c4 Bxb5
11. cxb5 Bb4+ 12. Kd1 Bf8 13. Bd3 Bg7 14. Nf3 a6 15. a4 axb5 16. Bxb5 c6 17.
Bd3 $14 {Tseitlin,M-Shabalov,A/Podolsk 1989/0-1 (44)}) 6... Nxa6 7. O-O Qd7 8.
Ne2 $5 {[%cal Ge2f4,Gf4h5] White knight moves to the king side.} c5 9. dxc5 (9.
c3 $5) 9... bxc5 $6 {I don't like this natural move.} (9... Nxc5 $142 $5 10.
Ned4 Rc8 $13 {remind sicilian defense and leads to more or less balance
position}) 10. Ng3 Qb5 (10... Ng6 11. Nh5 $5 {[%csl Gh5]}) 11. b3 h6 (11... Nc6
$5) 12. c4 $1 Qb7 ({In the case of} 12... dxc4 13. Qe2 $36 {[%csl Ge4] White
gets important square e4.}) 13. Qe2 Rd8 14. Be3 (14. cxd5 $5 exd5 $140 15. e6
$36) 14... Nc6 (14... d4 15. Bd2 {[%cal Gf3e1,Ge1d3]}) 15. Rad1 d4 16. Bd2 Qc7
(16... Be7 17. Qe4 O-O 18. Nh5 $40) 17. Nh5 {White got some advantage from the
opening, thanks to active pieces.} Nab8 {[%cal Gb8d7,Gg7g6]} 18. Rfe1 Nd7 19.
Qe4 a5 (19... g6 20. Nf4 {[%cal Gh2h4]} (20. Nf6+ Nxf6 21. exf6 Bd6 22. h4 $13)
) 20. h4 $1 {White immediately takes this opportunity to grab space on the
kingside} Rb8 (20... a4 $5) 21. Qg4 Rh7 {[%csl Rh7]} ({Doesn't change
evaluation of position and} 21... g6 22. Nf6+ (22. Nf4 $5 Ndxe5 $140 $6 23.
Nxe5 Nxe5 24. Nxe6 $1 Nxg4 25. Nxc7+ Kd7 26. Nd5 {[%cal Rf2f3,Gd2a5]}) 22...
Nxf6 23. exf6 h5 24. Qe4 $36) 22. Nf4 Kd8 23. Nd3 {[%csl Gd3] An optimal place
for the knight} Be7 (23... a4 24. Rb1) 24. Rb1 $1 {[%cal Ga2a3,Gb3b4]} Nb4 25.
Qe4 Rh8 26. a3 (26. Nc1 $5 {[%cal Ga2a3,Gc1d3]}) 26... Nxd3 (26... Nc2 $2 27.
Rec1 Nxa3 28. Ra1 Rxb3 29. Qa8+ Rb8 30. Qa6 $18) 27. Qxd3 Ke8 28. h5 $1 $16 {
[%csl Rb8,Re8,Rh8]} Rb7 29. Qe4 {White has got an excellent chances while
Black still has no real counter play.} Kf8 $2 {Terrible mistake, butb and after
} (29... Rb8 $16 {white's advantage is obvious.}) 30. Bxa5 $18 Qb8 31. b4 Rg8
32. bxc5 1-0

[Event "Bundesliga 0304"]
[Site "Germany"]
[Date "2004.03.08"]
[Round "11.1"]
[White "Bauer, Christian"]
[Black "Svidler, Peter"]
[Result "1/2-1/2"]
[WhiteElo "2602"]
[BlackElo "2723"]
[Annotator "Ftacnik,L"]
[PlyCount "62"]
[EventDate "2003.11.01"]
[EventType "team-tourn"]
[EventRounds "15"]
[EventCountry "GER"]
[SourceTitle "CBM 100"]
[Source "ChessBase"]
[SourceDate "2004.06.01"]
[SourceVersion "1"]
[SourceVersionDate "2004.06.01"]
[SourceQuality "1"]
[WhiteTeam "St Ingbert"]
[BlackTeam "Baden Oos"]
[WhiteTeamCountry "GER"]
[BlackTeamCountry "GER"]

1. Nf3 Nf6 2. c4 g6 3. Nc3 d5 4. cxd5 Nxd5 5. Qb3 Nb6 6. d4 Bg7 7. Bg5 h6 8.
Bh4 Be6 9. Qc2 Nc6 10. Rd1 Nb4 11. Qb1 O-O 12. e3 Bf5 13. e4 Bg4 14. d5 f5 15.
a3 g5 16. Bg3 f4 17. axb4 fxg3 18. hxg3 Rxf3 19. Be2 $5 $146 {[%mdl 4] It is
hard to imagine, that white has found this move over the board. The sacrifice
of a piece could become quite dangerous for black.} (19. gxf3 Bxf3 20. Rh2 Bxd1
21. Qxd1 Qd6 (21... a5 22. bxa5 Rxa5 23. Bh3 Nc4 24. Be6+ Kh8 25. Qh5 Qf8 26.
Qxg5 Nxb2 27. Ke2 Qf6 {1/2-1/2 Tisdall,J-Jansa,V/Aarhus 1983/ (35)}) 22. Bh3
Rf8 23. Be6+ Kh8 24. Qh5 Qe5 25. Qg6 Qf6 26. Qxf6 Rxf6 27. e5 (27. Ke2 Rf8 28.
Nd1 Nc4 29. b3 Nd6 30. Ne3 Nxe4 31. Nf5 c6 32. dxc6 bxc6 33. Nxh6 Bxh6 34.
Rxh6+ Kg7 35. Rh2 Rb8 {0-1 Salo,H-Manninen,M/Helsinki 1992/ (61)}) 27... Rf8
28. Ne4 Nc4 29. Nxg5 Nxe5 {1/2-1/2 Herraiz Hidalgo,H-Fernandez Garcia,J/Burgos
2003/ (43)}) 19... Rxc3 20. Bxg4 (20. bxc3 Bxe2 21. Kxe2 Na4 $19) 20... Rb3 (
20... Rc4 21. Be6+ Kh8 22. e5 Qe8 23. Qf5 g4 $17) 21. Be6+ Kh8 (21... Kf8 $2
22. e5 Bxe5 23. Qg6 $18) 22. e5 Qe8 23. Qf5 Nc4 $1 {Svidler correctly attacks
e5 pawn, the direct 23...Rxb2? could have had serious consequences.} (23...
Rxb2 $2 24. Qxg5 Qf8 25. Bf5 $1 e6 26. dxe6 Qxb4+ 27. Kf1 Qb5+ 28. Kg1 $18) 24.
Qxg5 Qf8 25. d6 (25. Bf5 Nxe5 $19) 25... Rxb2 (25... exd6 26. Bxc4 Rxb2 27. Rd2
Rb1+ 28. Rd1 Rxb4 $15) 26. Bf5 e6 (26... Nxe5 $2 27. dxe7 Nd3+ 28. Rxd3 Re8 29.
Re3 $18) 27. dxc7 $1 {Most likely this idea belongs to the white preparation.
Bauer will land with his rook on d8, so black must be content with equality.}
exf5 (27... Qxb4+ 28. Kf1 Nd2+ 29. Kg1 exf5 30. Rxh6+ Bxh6 (30... Kg8 31. Rd6
$18) 31. Qxh6+ Kg8 32. Qg6+ Kf8 33. Qf6+ Kg8 $11) 28. Rd8 Rb1+ 29. Ke2 Rb2+ (
29... Rxh1 30. Rxa8 Qxa8 31. Qd8+ Qxd8 32. cxd8=Q+ Kh7 33. e6 $18) 30. Ke1 (30.
Kf3 $2 Nxe5+ 31. Ke3 (31. Kf4 Ng4 $19) 31... Ng4+ 32. Kd3 Nxf2+ 33. Ke3 Ng4+
34. Kd3 Rxb4 $19) (30. Kd1 Rb1+ 31. Kc2 Rxh1 32. Rxa8 Qxa8 33. Qd8+ Qxd8 34.
cxd8=Q+ Kh7 35. e6 Rf1 $11) 30... Rb1+ 31. Ke2 Rb2+ 1/2-1/2

[Event "Corus"]
[Site "Wijk aan Zee"]
[Date "2004.01.11"]
[Round "2"]
[White "Zhang, Zhong"]
[Black "Svidler, Peter"]
[Result "1/2-1/2"]
[WhiteElo "2639"]
[BlackElo "2747"]
[Annotator "Oratovsky,M"]
[PlyCount "115"]
[EventDate "2004.01.10"]
[EventType "tourn"]
[EventRounds "13"]
[EventCountry "NED"]
[EventCategory "19"]
[SourceTitle "CBM 099"]
[Source "ChessBase"]
[SourceDate "2004.03.30"]
[SourceVersion "1"]
[SourceVersionDate "2004.03.30"]
[SourceQuality "1"]

1. e4 {[%mdl 13]} c5 2. Nf3 Nc6 3. Bb5 g6 4. Bxc6 dxc6 5. d3 Bg7 6. h3 e5 7.
O-O (7. a3 Qe7 8. Nbd2 Nf6 9. b4 Nd7 10. O-O O-O 11. Nc4 b6 12. c3 $6 (12. Qd2
$5 Ba6 13. Qc3 h6 $13 {[%cal Gf7f5,Ge7e6]}) 12... Ba6 13. Qa4 Bxc4 14. dxc4 Qe6
$11 {1/2-1/2 Grischuk,A-Radjabov,T/Bastia 2003/CBM 98 no vc (22). (22)}) (7.
Be3 Qe7 (7... b6 8. Qd2 h6 9. Qc3 Qc7 (9... Qe7 10. b4 $16 {[%csl Rc6]}) 10.
Nbd2 Be6 11. a3 a5 12. O-O Nf6 13. b4 cxb4 14. axb4 O-O (14... a4 15. d4 exd4
16. Bxd4 $16) 15. bxa5 bxa5 16. Rfb1 $16 {[%csl Ra5,Rc6] 0-1 Perunovic,M-Pap,M/
Dimitrovgrad 2003/CBM 93 ext (34). (34)}) 8. Nbd2 (8. Qd2 {[%cal Gd2c3,Gb2b4]}
Nf6 $8 9. Bh6 Qf8 10. Bxg7 Qxg7 11. Qc3 Nd7 12. Nbd2 f6 13. a4 (13. a3 $5 {
[%cal Gb2b4]}) 13... O-O 14. a5 Qe7 15. Nb3 Rb8 16. O-O Rf7 17. Nfd2 b6 18.
axb6 axb6 19. Ra7 $16 {1-0 Balogh,C-Uysal,M/Denizli 2003/CBM 95 ext (28). (27)}
) 8... Nf6 9. Nc4 Nd7 10. Qd2 O-O 11. a3 Rd8 $6 {rook is better placed on f8,
supporting f5} (11... b6 $142) 12. O-O b6 13. b4 f6 14. Qc3 Ba6 15. Nfd2 f5 16.
f3 f4 17. Bf2 Bb5 18. Rfb1 h5 19. a4 Ba6 20. bxc5 Nxc5 21. Na5 $1 $16 {1-0
Felgaer,R-Llorens,M/Asuncion 2003/CBM 96 ext (41). (40)}) 7... Ne7 $6 {[%csl
Ge4,Re7][%cal Ge4f5,Ge4d5] In my opinion Ne7 isn't placed so well, restricted
by the e4 pawn. Better is the plan with Qe7 and Nf6-d7 then.} 8. a3 a5 (8...
O-O 9. b4 cxb4 10. axb4 a5 11. bxa5 Rxa5 12. Ba3 Re8 13. Nbd2 Be6 14. Ng5 Qd7
15. Nxe6 Qxe6 16. Nb3 $1 (16. Nc4 Ra6 17. Bc5 Rea8 18. Rxa6 Rxa6 19. Qd2 $14 {
[%cal Gf2f4]}) 16... Raa8 17. Nc5 Qc8 18. Qb1 b5 19. Qb3 $16 {[%csl Gc5,Re7]
[%cal Ge4d5,Ge4f5] 1-0 Kovalevskaya,S-Ankerst,M/Bad Wiessee 1997/CBM 61 ext 
(29). (28)}) 9. Be3 (9. Nbd2 $5 f6 10. Nc4 Be6 11. Be3 b6 12. b4 $1 {a typical
for such pawn structure breaktrough.} axb4 (12... Bxc4 13. dxc4 Qxd1 14. Rfxd1
axb4 15. axb4 Rxa1 16. Rxa1 cxb4 17. Bxb6 $16 {[%cal Ga1a7,Gb6c5]}) 13. axb4
Rxa1 14. Qxa1 b5 (14... Bxc4 15. dxc4 cxb4 16. Rd1 Qc7 17. c5 b5 18. Qa2 $1 $14
{[%csl Re8]}) 15. Na5 cxb4 16. Nb7 Qb8 17. Nc5 Bf7 18. Rb1 $16 {[%csl Gc5] 1-0
Glek,I-Kleeschaetzky,R/Berlin 1994/EXT 97 (28). (27)}) 9... b6 10. Qd2 $146 (
10. Nbd2 {see commented game Sandipan,C-Guseinov,K (Finkel)}) 10... O-O 11. Nc3
{[%csl Rb6,Rc5][%cal Gc3a4,Gb2b4]} a4 $1 {Otherwise after Na4 and b4 black is
in trouble.} 12. Nh2 Be6 13. Bh6 c4 14. Bxg7 Kxg7 15. f4 $1 exf4 ({too
dangerous for black was to play} 15... cxd3 16. f5 $1 (16. fxe5 dxc2 $17) 16...
gxf5 17. Qg5+ Kh8 (17... Ng6 18. Qxd8 Raxd8 19. exf5 Bc4 20. fxg6 dxc2 $14) 18.
Qf6+ (18. exf5 f6 $17) 18... Kg8 19. exf5 (19. Qg5+ $11) 19... Nxf5 20. Rxf5
Bxf5 21. Qxf5 dxc2 22. Ng4 $36) 16. Qxf4 (16. d4 g5 {[%cal Ge7g6]}) 16... cxd3
17. Rad1 Qd4+ 18. Kh1 {This is safer than} (18. Rf2 f5 19. Rxd3 Qc5 20. Qd6
fxe4 21. Qxc5 bxc5 22. Nxe4 Rxf2 23. Kxf2 Bf5 $36 {[%cal Ge7d5,Ga8b8]}) 18...
f5 (18... Bc4 19. Nf3 Qc5 20. cxd3 Bb3 21. Rc1 $16 {[%cal Gd3d4,Gc3d5]}) 19.
Rxd3 Qc5 {From now on Svidler manages to find the only moves not to lose the
game by forse.} 20. Re1 Ra7 21. exf5 Bxf5 22. Rf3 Ng8 (22... Nd5 23. Nxd5 cxd5
(23... Qxd5 24. g4 Raf7 25. gxf5 Rxf5 26. Re7+ Kg8 27. Qh6 $18) 24. Qe5+ Kg8
25. Ng4 (25. c3 Raf7 26. Rf4 $14 {[%csl Gd4][%cal Gh2f3]}) 25... Bxg4 26. Rxf8+
Qxf8 27. Qxd5+ Kg7 28. hxg4 $16) 23. Nxa4 (23. Re5 {[%cal Gg2g4]} Bxc2 $8 24.
Rxc5 Rxf4 25. Rxc6 $14 {[%csl Rb6] with a better ending, but probably white
hopes for more!}) 23... Qxc2 24. Nxb6 Qxb2 25. Nc4 Qf6 26. Ng4 Bxg4 27. Qxg4
Qd8 28. Rxf8 Kxf8 29. Rd1 (29. Qf3+ Qf6 30. Qxf6+ Nxf6 31. Re6 Nd5 32. Rxc6 Ra4
(32... Nc3 33. Rb6) 33. Rc8+ Kg7 34. g4 Nc3 35. g5 Nb5 36. Rc5 Nxa3 37. Rc7+
Kg8 38. Nd6 $36 {[%csl Ra3][%cal Gd6e8,Ge8f6]}) ({much stronger was} 29. Re6 $1
c5 (29... Ne7 $2 30. Rd6 $1 $18 {[%cal Gg4d4,Rd4a7,Rd4h8]}) 30. Nd6 $40) 29...
Qf6 30. Nd6 (30. Rd6 $5 $36) 30... Ne7 31. Qb4 {[%cal Gd6c8]} Ra8 $8 32. Qb7 $2
{Loses all the advantage in one move. White could continue to press with} (32.
Ne4 $5) (32. Re1 $5) 32... Rd8 $11 33. Qb1 Kg7 34. Ne4 Rxd1+ 35. Qxd1 Qe5 {
In the arised ending white has only a symbolical edge because of the "a" pawn,
which could be decisive in pawn or even knight endgames. But since queens are
on the board this ending is not dangerous for black.} 36. Qd3 Nd5 37. Kg1 h5
38. h4 Nf4 39. Qd7+ Kh6 40. Qxc6 Nd5 $6 {In timetrouble black could forse the
draw after} (40... Qd4+ $142 41. Kh2 (41. Nf2 Ne2+ 42. Kf1 Ng3+ 43. Kg1 Ne2+
$11) 41... Ne2 {[%cal Gd4g1]} 42. Qc5 $8 Qxe4 43. Qf8+ Kh7 44. Qf7+ $11) 41.
Qc2 $6 (41. Qc1+ $142 Kg7 42. Qc4 (42. Nf2 $14) 42... Qa1+ (42... Ne3 43. Qc3
Qxc3 44. Nxc3 Nf5 45. a4 $18) 43. Kh2 Qe5+ 44. g3 Qb2+ 45. Kh3 $16) 41... Qd4+
42. Kh2 Ne3 43. Qc3 Nf1+ 44. Kh1 Ng3+ 45. Qxg3 Qxe4 {Although white has an
extra pawn, this ending is drawish due to the unsecured position of the white
king.} 46. Kh2 Kh7 47. Qf2 Qe5+ 48. Qg3 Qe4 49. Qc7+ Kh6 50. Qc1+ Kh7 51. g3
Qe2+ 52. Kg1 Qf3 53. Qc7+ Kg8 54. Qd6 Kh7 55. Qc7+ Kg8 56. Qd8+ Kh7 57. Qd6 Kg7
58. Qd4+ 1/2-1/2

[Event "FRA-chT Gp-A"]
[Site "France"]
[Date "2004.01.30"]
[Round "1"]
[White "Svidler, Peter"]
[Black "Pigusov, Evgeny"]
[Result "1-0"]
[WhiteElo "2747"]
[BlackElo "2572"]
[PlyCount "69"]
[EventDate "2004.01.30"]
[EventType "team"]
[EventRounds "7"]
[EventCountry "FRA"]
[SourceTitle "CBM 098 Extra"]
[Source "ChessBase"]
[SourceDate "2004.03.10"]
[SourceVersion "2"]
[SourceVersionDate "2004.03.10"]
[SourceQuality "1"]
[WhiteTeam "Paris NAO"]
[BlackTeam "Nice"]
[WhiteTeamCountry "FRA"]
[BlackTeamCountry "FRA"]

1. e4 c5 2. Nf3 Nc6 3. d4 cxd4 4. Nxd4 g6 5. Nc3 Bg7 6. Be3 Nf6 7. Bc4 O-O 8.
Bb3 a5 9. O-O d6 10. h3 Nxd4 11. Bxd4 Bd7 12. a4 Bc6 13. Qd3 Nd7 14. Bxg7 Kxg7
15. Bc4 Qb6 16. Bb5 Qc5 17. Kh1 Qb4 18. Nd5 Bxd5 19. exd5 Nc5 20. Qa3 Qxa3 21.
Rxa3 e5 22. dxe6 fxe6 23. Re3 Rf4 24. c3 Kf7 25. f3 d5 26. g3 Rf6 27. h4 Rd8
28. Kg2 Ke7 29. b4 axb4 30. cxb4 Na6 31. Rc1 Kd6 32. Bxa6 bxa6 33. Rec3 Rb8 34.
Rc6+ Kd7 35. Rc7+ 1-0